000 01143nam a22002777a 4500
003 dpl
005 20180703153821.0
008 180703b xxu||||| |||| 00| 0 eng d
010 _aA-829402
020 _c160.00
_a8170542284
035 _aA-829402, A-829406
037 _bCen Lib/Ret
040 _aDPL
_bHN
_c0
082 _a
_bनिकुंज
100 _aनिकुंज
_9500
245 _aसतपुड़ा के आँसू /
_cनिकुंज
246 _aSatpuda ke aansu /
_bby Nikunj
260 _aमध्य प्रदेश
_bनिकुंज प्रकाशन एवं पुस्तक भण्डार
_c1997
270 _a23, साईनाथ कालोनी, बड़वानी, प.निमाड
_bमध्य प्रदेश
_e451551
300 _a156पृ.
_c21सेमी (सजिल्द)
650 _aहिन्दी -- साहित्य
_960871
650 _aहिन्दी -- उपन्यास
_960872
650 _aHindi -- Literature
_960873
650 _aHindi -- Fiction
_927248
942 _2ddc
_cHN
_h
_mनिकुंज
999 _c115314
_d115314